| 000 | 00617nam a22001457a 4500 | ||
|---|---|---|---|
| 008 | 140822b xxu||||| |||| 00| 0 eng d | ||
| 020 | _a0406092567 | ||
| 050 | _aKD277.7.L39(1893 vol.1) | ||
| 245 |
_aThe Law Reports (1893 vol.1) Queen's bench division: Of the Incorporated council of law reporting. Queen's Bench Division and on appeal therefrom in the Court of appeal, decision of the Railway and canal commission./ _cEdited by Stone A. P |
||
| 260 |
_aLondon: _bButterworth & co Ltd., _c1893. |
||
| 300 |
_aXv, 782p.: _c24cm. |
||
| 440 |
_pQueen's Bench Division. _vVol. 1 |
||
| 800 | _aStone A. P | ||
| 942 |
_2lcc _cBK |
||
| 999 |
_c3684 _d11184 |
||